Mathematical of Two-Dimensional Dynamic Distribution of Thermal and Production Loads Between Heat Electropower Station Turbines; MATEC Web of Conferences; Vol. 37 : Smart Grids 2015

Bibliografiske detaljer
Parent link:MATEC Web of Conferences
Vol. 37 : Smart Grids 2015.— 2015.— [01008, 4 p.]
Institution som forfatter: Национальный исследовательский Томский политехнический университет (ТПУ) Энергетический институт (ЭНИН) Кафедра атомных и тепловых электростанций (АТЭС)
Andre forfattere: Belyaev L. A. Leonid Aleksandrovich, Romashova O. Yu. Olga Yurievna, Vagner M. A. Marina Anatolievna, Shevelev S. A. Sergey Anatolievich, Skrebatun E.
Summary:Title screen
Two-dimensional dynamic programming algorithm for distribution of loads between the controlled heat electropower station (HES) extractions is developed. Main recurrent correlations of sequential optimization process by using modified Bellman criterion are presented. Results of program complex implementation are shown.
Sprog:engelsk
Udgivet: 2015
Fag:
Online adgang:http://dx.doi.org/10.1051/matecconf/20153701008
http://earchive.tpu.ru/handle/11683/32678
Format: MixedMaterials Electronisk Book Chapter
KOHA link:https://koha.lib.tpu.ru/cgi-bin/koha/opac-detail.pl?biblionumber=645619

MARC

LEADER 00000nla2a2200000 4500
001 645619
005 20231214103231.0
035 |a (RuTPU)RU\TPU\network\10710 
035 |a RU\TPU\network\10708 
090 |a 645619 
100 |a 20160115a2015 k y0engy50 ba 
101 0 |a eng 
105 |a y z 100zy 
135 |a drgn ---uucaa 
181 0 |a i  
182 0 |a b 
200 1 |a Mathematical of Two-Dimensional Dynamic Distribution of Thermal and Production Loads Between Heat Electropower Station Turbines  |f L. A. Belyaev [et al.] 
203 |a Text  |c electronic 
300 |a Title screen 
320 |a [References: 5 tit.] 
330 |a Two-dimensional dynamic programming algorithm for distribution of loads between the controlled heat electropower station (HES) extractions is developed. Main recurrent correlations of sequential optimization process by using modified Bellman criterion are presented. Results of program complex implementation are shown. 
461 0 |0 (RuTPU)RU\TPU\network\4526  |t MATEC Web of Conferences 
463 0 |0 (RuTPU)RU\TPU\network\10636  |t Vol. 37 : Smart Grids 2015  |o September 28 - October 2, 2015, Tomsk, Russia  |o [proceedings]  |f National Research Tomsk Polytechnic University (TPU) ; eds. P. A. Strizhak [et al.]  |v [01008, 4 p.]  |d 2015 
610 1 |a электронный ресурс 
610 1 |a труды учёных ТПУ 
610 1 |a динамические распределения 
610 1 |a тепловые нагрузки 
610 1 |a ТЭЦ 
610 1 |a турбины 
610 1 |a программирование 
610 1 |a алгоритмы 
610 1 |a нагрузки 
610 1 |a оптимизация 
701 1 |a Belyaev  |b L. A.  |c specialist in the field of heat and power engineering  |c Associate Professor of Tomsk Polytechnic University, candidate of technical sciences  |f 1945-  |g Leonid Aleksandrovich  |3 (RuTPU)RU\TPU\pers\36038  |9 19175 
701 1 |a Romashova  |b O. Yu.  |c specialist in the field of power engineering  |c Associate Professor of Tomsk Polytechnic University, Candidate of technical sciences  |f 1960-  |g Olga Yurievna  |3 (RuTPU)RU\TPU\pers\34179  |9 17713 
701 1 |a Vagner  |b M. A.  |c specialist in the field of heat and power engineering  |c senior lecturer of Tomsk Polytechnic University  |f 1969-  |g Marina Anatolievna  |3 (RuTPU)RU\TPU\pers\36007  |9 19144 
701 1 |a Shevelev  |b S. A.  |c specialist in the field of heat and power engineering  |c senior lecturer of Tomsk Polytechnic University  |f 1983-  |g Sergey Anatolievich  |3 (RuTPU)RU\TPU\pers\36037  |9 19174 
701 1 |a Skrebatun  |b E. 
712 0 2 |a Национальный исследовательский Томский политехнический университет (ТПУ)  |b Энергетический институт (ЭНИН)  |b Кафедра атомных и тепловых электростанций (АТЭС)  |3 (RuTPU)RU\TPU\col\18683 
801 2 |a RU  |b 63413507  |c 20161122  |g RCR 
856 4 |u http://dx.doi.org/10.1051/matecconf/20153701008 
856 4 |u http://earchive.tpu.ru/handle/11683/32678 
942 |c CF